MARC details
| 000 -LEADER |
| fixed length control field |
01190cam a2200373 i 4500 |
| 001 - CONTROL NUMBER |
| control field |
200468142 |
| 003 - CONTROL NUMBER IDENTIFIER |
| control field |
TR-AnTOB |
| 005 - DATE AND TIME OF LATEST TRANSACTION |
| control field |
20260416115801.0 |
| 008 - FIXED-LENGTH DATA ELEMENTS--GENERAL INFORMATION |
| fixed length control field |
121227s1980 xxu| s |||| 0|eng d |
| 020 ## - INTERNATIONAL STANDARD BOOK NUMBER |
| International Standard Book Number |
9781461260271 |
|
| International Standard Book Number |
0387904271 |
|
| International Standard Book Number |
3540904271 |
| 040 ## - CATALOGING SOURCE |
| Original cataloging agency |
TR-AnTOB |
| Language of cataloging |
eng |
| Description conventions |
rda |
| Transcribing agency |
TR-AnTOB |
| 041 0# - LANGUAGE CODE |
| Language code of text/sound track or separate title |
İngilizce |
| 050 14 - LIBRARY OF CONGRESS CALL NUMBER |
| Classification number |
QA320 |
| Item number |
.W4513 1980 |
| 090 ## - LOCALLY ASSIGNED LC-TYPE CALL NUMBER (OCLC); LOCAL CALL NUMBER (RLIN) |
| Classification number (OCLC) (R) ; Classification number, CALL (RLIN) (NR) |
QA320 |
| Local cutter number (OCLC) ; Book number/undivided call number, CALL (RLIN) |
.W4513 1980 |
| 100 1# - MAIN ENTRY--PERSONAL NAME |
| Personal name |
Weidmann, Joachim |
| Relator term |
author |
| 9 (RLIN) |
153713 |
| 240 10 - UNIFORM TITLE |
| Uniform title |
Lineare operatoren in Hilbertraumen. |
| Language of a work |
English. |
| 245 10 - TITLE STATEMENT |
| Title |
Linear operators in hilbert spaces / |
| Statement of responsibility, etc. |
by Joachim Weidmann ; translated by Joseph Szücs. |
| 264 #1 - PRODUCTION, PUBLICATION, DISTRIBUTION, MANUFACTURE, AND COPYRIGHT NOTICE |
| Place of production, publication, distribution, manufacture |
New York, NY : |
| Name of producer, publisher, distributor, manufacturer |
Springer US, |
| Date of production, publication, distribution, manufacture, or copyright notice |
1980. |
| 300 ## - PHYSICAL DESCRIPTION |
| Extent |
xiii, 402 pages ; |
| Dimensions |
23 cm |
| 336 ## - CONTENT TYPE |
| Content type term |
text |
| Content type code |
txt |
| Source |
rdacontent |
| 337 ## - MEDIA TYPE |
| Media type term |
computer |
| Media type code |
c |
| Source |
rdamedia |
| 338 ## - CARRIER TYPE |
| Carrier type term |
online resource |
| Carrier type code |
cr |
| Source |
rdacarrier |
| 347 ## - DIGITAL FILE CHARACTERISTICS |
| File type |
text file |
| Encoding format |
PDF |
| Source |
rda |
| 650 #0 - SUBJECT ADDED ENTRY--TOPICAL TERM |
| Topical term or geographic name entry element |
Hilbert space |
| 9 (RLIN) |
152254 |
|
| Topical term or geographic name entry element |
Mathematical analysis |
| 9 (RLIN) |
1768 |
|
| Topical term or geographic name entry element |
Functional analysis |
| 9 (RLIN) |
78530 |
| 700 1# - ADDED ENTRY--PERSONAL NAME |
| Personal name |
Szücs, Joseph |
| Relator term |
translator |
| 9 (RLIN) |
153715 |
| 710 2# - ADDED ENTRY--CORPORATE NAME |
| Corporate name or jurisdiction name as entry element |
SpringerLink (Online service) |
| 9 (RLIN) |
59873 |
| 773 0# - HOST ITEM ENTRY |
| Title |
Springer eBooks |
| 942 ## - ADDED ENTRY ELEMENTS (KOHA) |
| Source of classification or shelving scheme |
Library of Congress Classification |
| Koha item type |
Book |